00379 2200157 4500245005000000020001800050250001100068100002400079650000900103005001900112260002900131041001400160084001100174300002700185336000900212 aJangan Dekati ZinacAl-Imam Ibnu QayyimhText a979-9137-36-5 aCet. 1 aAl-Imam Ibnu Qayyim aZina a20230116090741 aJakartabDarul Haqc2000 aIndonesia a297.27 av, 65 hlm. :c17.5 cm. atext